Statistiken für Wincent Weiss - Daten

Klicken Sie hier um das Quiz zu spielen!

Allgemein

  • Dieses Quiz wurde 162 mal gespielt
  • Das Durchschnittsergebnis liegt bei 8 aus 15

Antwortstatistiken

Frage ..Antwort% Korrekt
Wie viele Geschwister hat er?1
95%
Auf welchen Platz der Deutschen Charts landete er mit seinem 3. Album?1.
95%
In welcher TV Castingshow hat er teilgenommen?DSDS
69%
Wann wurde Wincent geboren? (Datum+Jahr)21.01.1993
66%
Wie heißt sein erstes Album?Irgendwas gegen die Stille
66%
Mit wem singt er das Lied "Blicke"?Lea
54%
Mit welchem Lied lief er die ersten Male im Radio?Unter meiner Haut
54%
Wo wurde er geboren?Eutin
50%
Wie heißt seine Schwester?Shayenne
47%
Wer heißt seine Managerin? (Vorname) & MerchfeeAmelie
45%
Für welche Parfümmarke ist er aktuell Model?Tommy Hilfiger
45%
Wie heißt sein bester Freund?Marco
39%
Wie heißt sein Produzent? #nurMistimKopfKevin Zaremba
36%
Welches Wort schreit die Band vorm Auftritt?Büffel
35%
Welche Automarke fährt er aktuell?Volkswagen
27%

Verteilung der Resultate

Perzentil nach korrekt beantworteten Fragen

Anzahl Personen mit jedem Resultat

Ihre Resultats-Entwicklung

Sie haben dieses Quiz noch nicht gespielt